| 000 | 01614nam0a22003491 4500 | ||
|---|---|---|---|
| 001 | RU\NLR\bibl\1219174 | ||
| 005 | 20250615181759.0 | ||
| 010 |
_a978-5-91027-012-5 _91000 |
||
| 021 |
_aRU _b2008-15642 _9851 |
||
| 035 | _a(NLR Aleph) 001347241 | ||
| 090 |
_a898117 _c898117 |
||
| 100 | _a20080422d2007 |||y0rusy50 ca | ||
| 101 | 0 |
_arus _achi |
|
| 102 | _aRU | ||
| 105 | _ay ||||||||| | ||
| 200 | 1 |
_aУчебник китайского языка _d汉语课本 _eдля 7 класса школ с углубленным изучением китайского языка _fО. Ц. Соктоева _gЗабайк. гос. гуманит.-пед. ун-т им. Н.Г. Чернышевского, Ин-т филологии и межкульт. коммуникации _zchi |
|
| 210 |
_aЧита _cИзд-во Забайкальского государственного гуманитарно-педагогического университета _d2007 |
||
| 215 |
_a168 с. _d29 |
||
| 300 | _aНа обл.: Китайский язык: 7 класс | ||
| 300 | _aНа обл. авт. не указан | ||
| 512 | 1 |
_aКитайский язык _e7 класс |
|
| 606 | 1 |
_aКитайский язык _jУчебники для специализированных школ _91333944 _3RU\NLR\auth\66555196 |
|
| 686 | _aШ171.1-93рус221[7] | ||
| 700 | 1 |
_aСоктоева _bО. Ц. _4070 |
|
| 801 | 0 |
_aRU _bNLR _c20080422 _gRCR |
|
| 801 | 1 |
_aRU _bNLR _c20080422 |
|
| 852 |
_aNLR _bОЛСАА-кит. _j5-988 |
||
| 942 | _cBOOK | ||
| 980 | _aNB | ||
| 980 | 1 | _aCHIN | |